Study On Urban Land Use Growth Prediction In Dangkao District, Phnom Penh, សិក្សាពីព្យាករណ៍ពីកំណើនការប្រើប្រាស់ដីទីប្រជុំជនក្នុង ខណ្ឌដង្កោ រាជធានីភ្នំពេញ (Record no. 25333)

000 -LEADER
fixed length control field 00590nam a22001217a 4500
040 ## - CATALOGING SOURCE
Transcribing agency RUA
082 ## - DEWEY DECIMAL CLASSIFICATION NUMBER
Classification number LMA SEK 2024 B701 Or.1
100 ## - MAIN ENTRY--AUTHOR NAME
Personal name SEK HENGRONG, សឹក ហេងរ៉ុង
245 ## - TITLE STATEMENT
Title Study On Urban Land Use Growth Prediction In Dangkao District, Phnom Penh, សិក្សាពីព្យាករណ៍ពីកំណើនការប្រើប្រាស់ដីទីប្រជុំជនក្នុង ខណ្ឌដង្កោ រាជធានីភ្នំពេញ
260 ## - PUBLICATION, DISTRIBUTION, ETC. (IMPRINT)
Place of publication PHNOM PENH
Name of publisher RUA
Year of publication 2024
300 ## - PHYSICAL DESCRIPTION
Number of Pages ix,
Other physical details ill,
Dimensions 29cm,
942 ## - ADDED ENTRY ELEMENTS (KOHA)
Koha item type LMA
952 ## - LOCATION AND ITEM INFORMATION (KOHA)
Withdrawn status [LOCAL, KOHA] 0
952 ## - LOCATION AND ITEM INFORMATION (KOHA)
Withdrawn status [LOCAL, KOHA] 0
Holdings
Permanent Location Date acquired Koha item type Lost status Shelving location Barcode Current Location Full call number
Library Block B2025-06-23LMA B701A084321Library Block BLMA SEK 2024 B701 Or.1
Library Block B2025-06-23LMA B701A084121Library Block BLMA SEK 2024 B701 Or.2
មជ្ឈមណ្ឌលឯការនៃសាកលវិទ្យាល័យភូមិន្ទកសិកម្មចំការដូង

Powered by Koha